
Library Catalogue

| 000 -LEADER | |
|---|---|
| fixed length control field | 01793cam a22002778i 4500 |
| 001 - CONTROL NUMBER | |
| control field | 19776470 |
| 003 - CONTROL NUMBER IDENTIFIER | |
| control field | OSt |
| 005 - DATE AND TIME OF LATEST TRANSACTION | |
| control field | 20260219053542.0 |
| 008 - FIXED-LENGTH DATA ELEMENTS--GENERAL INFORMATION | |
| fixed length control field | 170710s2018 enk b 001 0 eng |
| 010 ## - LIBRARY OF CONGRESS CONTROL NUMBER | |
| LC control number | 2017020804 |
| 020 ## - INTERNATIONAL STANDARD BOOK NUMBER | |
| International Standard Book Number | 9781107079007 |
| 020 ## - INTERNATIONAL STANDARD BOOK NUMBER | |
| International Standard Book Number | 9781107437296 |
| 040 ## - CATALOGING SOURCE | |
| Original cataloging agency | DLC |
| Language of cataloging | eng |
| Transcribing agency | DLC |
| Description conventions | rda |
| Modifying agency | DLC |
| 042 ## - AUTHENTICATION CODE | |
| Authentication code | pcc |
| 082 00 - DEWEY DECIMAL CLASSIFICATION NUMBER | |
| Classification number | 343.071 COR |
| 100 1# - MAIN ENTRY--PERSONAL NAME | |
| Personal name | Cortés, Pablo |
| 245 14 - TITLE STATEMENT | |
| Title | The law of consumer redress in an evolving digital market : |
| Remainder of title | upgrading from alternative to online dispute resolution / |
| Statement of responsibility, etc. | Pablo Cortés |
| 264 #1 - PRODUCTION, PUBLICATION, DISTRIBUTION, MANUFACTURE, AND COPYRIGHT NOTICE | |
| Place of production, publication, distribution, manufacture | Cambridge : Cambridge University Press, 2017. |
| 300 ## - PHYSICAL DESCRIPTION | |
| Extent | xiii, 313 p. ; |
| Dimensions | 24 cm |
| 505 8# - FORMATTED CONTENTS NOTE | |
| Formatted contents note | Introduction;<br/>1. Consumer redress—from public enforcement to alternative dispute resolution;<br/>2. Upgrading from alternative to online dispute resolution;<br/>3. Judicial redress for consumer disputes—the need for collaboration between courts and extrajudicial schemes;<br/>4. Out-of-court consumer redress—the European law on ADR and the re-design of the ODR platform; 5. Consumer ADR in three radically different jurisdictions—Italy, Spain and the UK<br/>6. Pursuing global consensus on consumer redress—the UNCITRAL technical notes for online dispute resolution;<br/>7. Voluntariness as the Achilles' heel of ADR—the case for incentives and mandatory redress schemes;<br/>8. Dispute system Machine-generated contents note;<br/>Design features of effective consumer redress models; <br/>Conclusion.<br/> |
| 650 #0 - SUBJECT ADDED ENTRY--TOPICAL TERM | |
| Topical term or geographic name entry element | Online dispute resolution. |
| 650 #0 - SUBJECT ADDED ENTRY--TOPICAL TERM | |
| Topical term or geographic name entry element | Consumer protection |
| General subdivision | Law and legislation. |
| 906 ## - LOCAL DATA ELEMENT F, LDF (RLIN) | |
| a | 0 |
| b | vip |
| c | orignew |
| d | 1 |
| e | ecip |
| f | 20 |
| g | y-gencatlg |
| 942 ## - ADDED ENTRY ELEMENTS (KOHA) | |
| Source of classification or shelving scheme | Dewey Decimal Classification |
| Koha item type | BOOKs |
| Withdrawn status | Lost status | Source of classification or shelving scheme | Materials specified (bound volume or other part) | Damaged status | Not for loan | Collection code | Home library | Current library | Shelving location | Date acquired | Source of acquisition | Coded location qualifier | Total Checkouts | Full call number | Barcode | Date last seen | Date last checked out | Price effective from | Koha item type |
|---|---|---|---|---|---|---|---|---|---|---|---|---|---|---|---|---|---|---|---|
| Dewey Decimal Classification | HB | Reference | . | . | Library Compactors | 08.03.2018 | Purchased | C L & P Se | 1 | 343.071 COR | 36062 | 29.12.2020 | 16.10.2020 | 08.03.2019 | BOOKs |